000 01161nam0a22002651 4500
001 rc\423554
005 20030616170505.1
035 _a(NLR Aleph) 005670920
090 _a6973446
_c6973446
100 _a20030616d1987 u |0rusy50 ca
101 0 _arus
102 _aRU
105 _aa |||||||||
200 1 _aДинамика крупномасштабных процессов в атмосфере и океане
_e[Сб. ст.
_fПод ред. д. ф.-м. н. Ш.А. Мусаеляна, д. ф.-м. н. Садокова
210 _aЛ.
_cГидрометеоиздат
_d1987
215 _a114 с.
_cил.
_d21
225 1 _aТруды Гидрометеорологического научно-исследовательского центра СССР
_vВып. 286
300 _aВ надзаг.: Гос. ком. СССР по гидрометеорологии и контролю природ. среды
320 _aБиблиогр. в конце ст.
702 1 _aМусаелян
_bШ. А.
_gШабо Асламович
_4340
801 0 _aRU
_bNLR
_gpsbo
801 1 _aRU
_bELAR
_2rusmarc
852 _aNLR
_jП8/813
942 _cBOOK
980 _aNB